Vingt-cinq poèmes / (Record no. 185036)

MARC details
000 -LEADER
campo de control de longitud fija 00520nam a2200169 i 4500
001 - NÚMERO DE CONTROL
campo de control 185036
003 - IDENTIFICADOR DE NÚMERO DE CONTROL
campo de control ES-MaACL
005 - FECHA Y HORA DE LA ÚLTIMA TRANSACCIÓN
campo de control 20251013205539.0
008 - DATOS DE LONGITUD FIJA--INFORMACIÓN GENERAL
campo de control de longitud fija 160308s1918 sz |||| | fre d
100 1# - ENTRADA PRINCIPAL--NOMBRE DE PERSONA
Nombre de persona Tzara, Tristan.
9 (RLIN) 150006
245 10 - MENCIÓN DEL TÍTULO
Título Vingt-cinq poèmes /
Mención de responsabilidad, etc. Tristan Tzara ; dix gravures sur bois [de] H. Arp.
260 ## - PUBLICACIÓN, DISTRIBUCIÓN, ETC.
Lugar de publicación, distribución, etc. Zurich :
Nombre del editor, distribuidor, etc. Collection Dada,
Fecha de publicación, distribución, etc. [1918?]
300 ## - DESCRIPCIÓN FÍSICA
Extensión [52] p. :
Otras características físicas il. ;
Dimensiones 21 cm.
700 1# - ENTRADA AGREGADA--NOMBRE PERSONAL
Nombre de persona Arp, Jean,
Fechas asociadas al nombre 1887-1966
9 (RLIN) 158997
852 ## - LOCALIZACIÓN
Ubicación ES-MaACL
Número de control de estantería 1565-F-14
Holdings
Estatus retirado Estado de pérdida Estado de daño No para préstamo Colección Biblioteca de origen Biblioteca actual Ubicación en estantería Fecha de adquisición Fuente de adquisición Total de préstamos Signatura topográfica completa Código de barras Visto por última vez Precio de reemplazo Tipo de ítem Koha
        Colección de folletos Biblioteca del Ateneo de Madrid Biblioteca del Ateneo de Madrid Depósito folletos 08/03/2016     1565-F-14 1194895 23/02/2023 23/02/2023 Folleto